000 00547nam a22001937a 4500
003 KOHA_MİRAKIL
005 20251116161016.0
008 251116b tu ||||| |||| 00| 0 tur d
020 _a9789752554924
040 _aTR-AnABB
_btur
_cTR-AnABB
041 _atur
082 _a813.42
_bALT 2018
100 1 _aAltınel, Mürvet,
245 1 0 _aKedi felsefesi /
_cMürvet Altınel
260 _aİstanbul :
_bIq Kültür Sanat Yayıncılık,
_c2018
300 _a176 sayfa ;
_c21 cm
650 0 4 _aTürk edebiyatı, roman
942 _2ddc
_cBK
999 _c9451
_d9451
900 _bGizem YORULMAZ